Responses for show #6457 - Tuesday, October 16, 2012

Stephanie Jass game 7.

Contestants

Shaanti Kapila, a climate change specialist from Washington, D.C.

Carlo Abulencia, a stay-at-home dad from Chatsworth, California

Stephanie Jass, a history professor from Milan, Michigan (whose 6-day cash winnings total $123,970)

Jeopardy! Round responses

29 & HOLDING
BODY WORKS
NEW DEAL PROGRAMS
WHAT'S THE SPORT?
BRAND NAMES
"OCK"-TOBERFEST
(Alex: Those three letters will end each correct response.)
    $200 21
ties

Stephanie
    $200 26
capillaries

Carlo
    $200 1
Social Security

Stephanie
    $200 7
football

Shaanti
    $200 3
Listerine

Carlo
    $200 12
a flock

Carlo
    $400 22
(Stephanie: What is a train?)
(Alex: Be more specific.)
(Stephanie: What is a railroad?)

The Chattanooga Choo Choo

Stephanie
Triple Stumper
    $400 27
melanin

Stephanie
    $400 2
the FCC

Shaanti
    $400 8
golf

Carlo
    $400 4
Quaker

Shaanti
    $400 13
a crock

Stephanie
    $600 23
the Enola Gay

Stephanie
    $600 28
the larynx

Carlo
    $600 17
the Chicago River

Stephanie
    $600 9
(Carlo: What is rugby?)

polo

StephanieCarlo
    $600 5
(George) Eastman

Carlo
    $600 14
the Jabberwock

Carlo
    $800 24
The Canterbury Tales

Shaanti
    $800 29
the aorta

Shaanti
    $800 18
the F(ederal) D(eposit) I(nsurance) C(orporation)

Shaanti
    $800 10
hockey

Stephanie
    $1,000 6
(Carlo: [Long pause, then shakes head] What is... Coca-Cola?)

Mountain Dew

Carlo
    $800 15
hemlock

Stephanie
    $1000 25
Bob Beamon

Stephanie
    $1000 30
the pituitary

Carlo
    $1000 19
the TVA (Tennessee Valley Authority)

Stephanie
    $1000 11
basketball

Carlo
    $1000 20
Maybelline

Triple Stumper
    $1000 16
a fetlock

Triple Stumper

Scores at the first commercial break (after clue 15):

Stephanie Carlo Shaanti
$2,800 $1,400 $1,000

Scores at the end of the Jeopardy! Round:

Stephanie Carlo Shaanti
$6,200 $3,200 $3,400

Double Jeopardy! Round responses

BESTSELLERS
YOU CAN FIND ME ONLINE
TREATIES
STUBBORN WORDS
OLD STATE CAPITALS
POP CULTURE MUSINGS
    $400 6
(Madeleine) Albright

Stephanie
    $400 1
Tipper Gore

Stephanie
    $400 11
Ireland

Shaanti
    $400 12
mulish

Stephanie
    $400 13
Citizen Kane

Carlo
    $800 7
(Alex: Forks Over [*]--you don't want to spend all your time cutting meat, do you?)

Knives

Triple Stumper
    $800 2
YouTube

Shaanti
    $800 18
Sweden

Triple Stumper
    $800 26
balk

Shaanti
    $800 14
"A Horse With No Name"

Stephanie
    $1,200 8
Carole King

Stephanie
    $1200 3
(Stephen) Hawking

Stephanie
    $1200 19
the Versailles Treaty

Stephanie
    $1200 28
[The end-of-round signal sounds.]

neck

Triple Stumper
    $1200 22
Murfreesboro

Shaanti
    $1200 15
Lost

Shaanti
    $1600 9
David Sedaris

Stephanie
    $1600 4
(Charles) Barkley

Stephanie
    $1600 20
the Crusades

Shaanti
    $1600 27
obstinate

Carlo
    $1600 24
Lexington

Shaanti
    $1600 16
(Alex: Yes, I bet you think this song is about you.)

"You're So Vain"

Stephanie
    $2000 10
introverts

Stephanie
    $2000 5
His Holiness

Triple Stumper
    $3,000 21
(Shaanti: [After a pause] What is Venezuela?)

Panama

Shaanti
    $2000 25
tenacious

Stephanie
    $2000 23
California

Carlo
    $2000 17
(Carlo: What is The Incredible Shrinking Woman?)

Fantastic Voyage

Carlo
Triple Stumper

Scores at the end of the Double Jeopardy! Round:

Stephanie Carlo Shaanti
$20,600 $5,200 $8,000
(lock game)

[wagering suggestions for these scores]

Final Jeopardy! Round responses

AMERICANA
(Alex: Right, not Li'l Folks.)
CarloWhat is Peanuts?
$3,000
ShaantiWhat is Peanuts?
$2,500
StephanieWhat is Peanuts?
$3,000
Peanuts

Final scores:

Stephanie Carlo Shaanti
$23,600 $8,200 $10,500
7-day champion: $147,570 3rd place: $1,000 2nd place: $2,000

Game dynamics:

Coryat scores:

Stephanie Carlo Shaanti
$20,600 $6,200 $11,000
23 R
(including 1 DD),
1 W
12 R,
3 W
(including 1 DD)
13 R,
1 W
(including 1 DD)

Combined Coryat: $37,800

The J! Archive is created by fans, for fans. The Jeopardy! game show and all elements thereof, including but not limited to copyright and trademark thereto, are the property of Jeopardy Productions, Inc. and are protected under law. This website is not affiliated with, sponsored by, or operated by Jeopardy Productions, Inc. Join the discussion at JBoard.tv.